LEADER 01658nam a2200313 u 4500 001 000000034485 003 CaOOAMICUS 005 20070226112458.0 008 980114s1997 be u000 u ger u 020 $a9068319116 035 $a10780006 040 $aEFR$bita$dBAV 100 1 $aBosson, Nathalie.$0(OLS)http://pul/name/26555 245 10$aWörterverzeichnis zu Gawdat Gabras Ausgabe des Psalters im mesokischen (oxyrhynchitischen / mittelägyptischen) Dialekt koptischen (Mudil-Kodex) /$cvon Nathalie Bosson ; unter Mitarbeit von Rodolphe Kasser. 260 $aLovanii :$bin aedibus Peeters,$c1997. 300 $axvii,338 p. ;$c24 cm 490 1 $aCorpus scriptorum christianorum orientalium ;$v568.$aSubsidia ;$v96 504 $aBibliographie: p. xiii. 600 10$aGabra, Gawdat.$tPsalter im oxyrhynchitischen Dialekt.$2//eng$0(OLS)http://pul/subject/17477 650 4$aLingua copta$xTesti.$0(OLS)http://pul/subject/1740 700 1 $aKasser, Rodolphe,$d1926-$0(OLS)http://pul/name/2322 830 0$aCorpus scriptorum Christianorum Orientalium ;$v568.$0(OLS)http://pul/title/40 830 0$aCorpus scriptorum Christianorum Orientalium.$pSubsidia ;$v96.$0(OLS)http://pul/title/292 850 $aPUL 852 $aPUL$W1$xSL Religione 1$y3$m10(3) H 568$j47232$nBK-PRI$b $qStampati$B47232$CPULBib$Z2$F47232 $H89775 $81 941 1 $a8 996 $6020$a9068319116$9(OLS)http://pul/number/43269 996 $6245$aWörterverzeichnis zu Gawdat Gabras Ausgabe des Psalters im mesokischen (oxyrhynchitischen$9(OLS)http://pul/title/47461 996 $6260$aLovanii :$bin aedibus Peeters$9(OLS)http://pul/publisher/60253 LEADER 01235nam a2200277 u 4500 001 000000110637 003 CaOOAMICUS 005 20080313123055.0 008 080313s1997 it a u000 u ita u 020 $a88-420-5179-9 040 $aPUL$bita$dLDB 245 03$aLe carte della memoria :$barchivi e nuove tecnologie /$cM. Aymard ; a cura di Marcello Morelli e Mario Ricciardi ; prefazione di Giuseppe Vacca. 260 $aBari :$bLaterza,$c1997. 300 $axii, 298 p. :$bill. ;$c23 cm. 490 1 $aStoria e società (Laterza) 504 $aInclude riferimenti bibliografici. 650 14$aArchivistica.$0(OLS)http://pul/subject/22306 700 1 $aRicciardi, Mario.$0(OLS)http://pul/name/67825 700 1 $aMorelli, Marcello.$0(OLS)http://pul/name/67824 830 0$aStoria e società (Laterza).$0(OLS)http://pul/title/761 850 $aPUL 852 $aPUL$W1$xDP1 Filosofia 1$y19$m743 L 3$j126735$qStampati$B125460$CPULBib$Z2$F125460 $H76740 $82 941 1 $a8 996 $6020$a88-420-5179-9$9(OLS)http://pul/number/137516 996 $6245$aLe carte della memoria :$barchivi e nuove tecnologie$9(OLS)http://pul/title/139133 996 $6260$aBari :$bLaterza$9(OLS)http://pul/publisher/47895